000 00459nmm a2200169Ia 4500
008 251105s9999||||xx |||||||||||||||||und||
020 _a9788496290259
041 _aspa
100 _aJesús, Santa Teresa de
245 0 _aAntología. Cartas varias.
264 _a[Madrid, España] :
_bLinkgua,
_c2011
300 _a168 páginas
490 _aReligión
650 _aReligion(s)
856 _uhttps://public.digitaliapublishing.com/a/15119
942 _cCF
999 _c89735
_d89735